000 02084nam0a2200349 4500
001 RU\NLR\BIBL_A\012326512
005 20200911141240.0
010 _a978-5-7271-1640-1
_9100
021 _aRU
_bКН-П-20-025698
_9КН-П-20-1989
035 _a(NLR Aleph) 012326512
035 _a(RuMoRGB)010330251
090 _a11449504
_c11449504
100 _a20200903d2020 u y0rusy50 ca
101 0 _arus
102 _aRU
105 _aa zzjz00000zy
181 0 _ai
_baxxe
182 0 _an
200 1 _aОрганизация коммерческой деятельности
_eучебное пособие
_e[по направлению подготовки 080200.68 Менеджмент, профиль подготовки "Управление малым бизнесом"]
_fС. А. Ярушева
_gМинистерство науки и высшего образования Российской Федерации, Федеральное государственное бюджетное образовательное учреждение высшего образования "Челябинский государственный университет", Факультет заочного и дистанционного обучения
203 _aТекст
_bвизуальный
_cнепосредственный
205 _a2-е изд., доп.
210 _aЧелябинск
_cИзд-во Челябинского государственного университета
_d2020
215 _a155 с.
_cил., табл.
_d21
320 _aБиблиогр.: с. 154 (7 назв.)
606 1 _aКоммерческая деятельность
_xОрганизация
_jУчебные издания для высших учебных заведений
_2nlr_sh1
_2nlr_sh2
_3RU\NLR\AUTH\661259863
686 1 _aУ42(2)-803я73
700 1 _aЯрушева
_bС. А.
_gСветлана Александровна
942 _cBOOK
980 _aNBR
980 _aNB